|
|
|
|
| LEADER |
00000nab a2200000 ar4500 |
| 001 |
vtls008849622 |
| 003 |
SK-MaSNL |
| 005 |
20260303062637.0 |
| 008 |
060814c2006 xo |||||||| 000 b|hun |
| 015 |
|
|
|a SNBRB2006/08
|2 snkbucl
|
| 038 |
|
|
|a SNKBUCL
|
| 040 |
|
|
|a DSZK
|b slo
|c DSZK
|e AACR2
|
| 041 |
0 |
|
|a hun
|
| 044 |
|
|
|a xo
|c SK
|
| 080 |
|
|
|a 821.511.141-9=511.141
|x 1997
|2 1981
|
| 100 |
1 |
|
|a Bakács, Tibor Settenkedő
|d 1959-
|4 aut
|9 1033610
|
| 245 |
1 |
0 |
|a Pogó az éjszakában
|c Bakács Tibor Settenkedő
|
| 650 |
0 |
7 |
|a publicistické glosy, maďarské
|2 snkbucl
|9 73730
|
| 773 |
0 |
|
|t Vasárnap
|g Évf. 39, sz. 32 (2006), o. 66
|
| 852 |
|
|
|a SNK
|b KIS3GCP
|
| 852 |
|
|
|a DSZK
|b KIS3GCP
|
| 958 |
|
|
|a HU
|
| 958 |
|
|
|a LX
|
| 999 |
|
|
|c 1740021
|d 1741951
|